Estatísticas para Mapa do Mundo Sem 12 Países

Clique aqui para jogar o quiz

Estatísticas Gerais

  • Esse quiz foi jogado 6 608 vezes
  • A pontuação média é 8 de 12

Respostas no mapa

Respostas codificadas por cores de uma escala verde-vermelha no mapa do quiz de acordo com a % correta abaixo.
Carregando ...
 

Estatísticas das Respostas

País% Correto
Japão
88%
Chile
81%
Turquia
80%
Dinamarca
79%
Nova Zelândia
78%
Coreia do Sul
76%
Madagascar
75%
Noruega
75%
Sri Lanka
61%
Bangladesh
47%
Somália
44%
Chipre
37%

Distribuição das Pontuações

Percentil de Números Respondidos

Porcentagem de Pessoas com Cada Pontuação

Sua Pontuação Histórica

Você não jogou esse quiz